Dzielnice Warszawy według podziału MSI - Statystyki

Ogólne statystyki
  • Ten quiz został rozwiązany 2 052 razy
  • Średni wynik to 47 z 143
Statystyki odpowiedzi
Lp Główne Dzielnice Dzielnice wg podziału MSI % Poprawnych
12 Targówek Bródno
67%
5 Praga-Południe Gocław
67%
7 Praga-Południe Grochów
66%
24 Bielany Młociny
63%
129 Ursynów Kabaty
61%
10 Praga-Południe Saska Kępa
60%
15 Targówek Targówek Mieszkaniowy
60%
61 Śródmieście Stare Miasto
59%
6 Praga-Południe Gocławek
58%
130 Ursynów Natolin
57%
90 Mokotów Służew
57%
57 Śródmieście Muranów
55%
3 Praga - Północ Stara Praga
55%
31 Bielany Stare Bielany
55%
52 Białołęka Tarchomin
55%
33 Bielany Wawrzyszew
54%
59 Śródmieście Powiśle
53%
63 Śródmieście Śródmieście Południowe
53%
62 Śródmieście Śródmieście Północne
52%
110 Wawer Las
51%
100 Włochy Okęcie
50%
141 Ursus Niedźwiadek
49%
1 Praga - Północ Nowa Praga
49%
30 Bielany Słodowiec
49%
19 Żoliborz Stary Żoliborz
49%
91 Mokotów Służewiec
48%
58 Śródmieście Nowe Miasto
47%
16 Targówek Zacisze
47%
53 Białołęka Żerań
47%
4 Praga - Północ Szmulowizna
46%
77 Wola Młynów
45%
14 Targówek Targówek Fabryczny
45%
76 Wola Koło
43%
85 Ochota Stara Ochota
43%
95 Mokotów Stary Mokotów
43%
8 Praga-Południe Kamionek
42%
20 Żoliborz Sady Żoliborskie
42%
108 Wawer Anin
41%
18 Żoliborz Marymont-Potok
41%
103 Włochy Raków
41%
92 Mokotów Sadyba
40%
82 Wola Ulrychów
40%
97 Mokotów Wierzbno
40%
83 Ochota Filtry
39%
9 Praga-Południe Olszynka Grochowska
39%
60 Śródmieście Solec
39%
109 Wawer Falenica
38%
2 Praga - Północ Pelcowizna
38%
84 Ochota Rakowiec
38%
86 Ochota Szczęśliwice
38%
21 Bielany Chomiczówka
37%
74 Bemowo Lotnisko
37%
78 Wola Mirów
35%
56 Rembertów Stary Rembertów
35%
72 Bemowo Jelonki Północne
34%
73 Bemowo Jelonki Południowe
34%
50 Białołęka Nowodwory
34%
81 Wola Powązki
34%
42 Wilanów Powsin
34%
93 Mokotów Siekierki
34%
105 Włochy Stare Włochy
34%
64 Śródmieście Ujazdów
34%
65 Bemowo Bemowo-Lotnisko
33%
113 Wawer Międzylesie
33%
99 Włochy Nowe Włochy
33%
121 Wesoła Stara Miłosna
33%
115 Wawer Radość
32%
96 Mokotów Stegny
32%
36 Wilanów Wilanów Niski
32%
75 Wola Czyste
31%
55 Rembertów Nowy Rembertów
31%
34 Bielany Wrzeciono
31%
88 Mokotów Czerniaków
30%
22 Bielany Huta
30%
26 Bielany Marymont-Ruda
30%
94 Mokotów Sielce
30%
137 Ursynów Ursynów Północny
30%
35 Wilanów Wilanów Wysoki
30%
117 Wawer Wawer
29%
37 Wilanów Wilanów Królewski
29%
66 Bemowo Boernerowo
28%
13 Targówek Bródno Podgrodzie
28%
11 Targówek Elsnerów
28%
140 Ursus Gołąbki
28%
23 Bielany Las Bielański
28%
79 Wola Nowolipki
28%
29 Bielany Radiowo
28%
112 Wawer Miedzeszyn
27%
80 Wola Odolany
27%
17 Targówek Utrata
27%
45 Białołęka Choszczówka
26%
89 Mokotów Ksawerów
26%
27 Bielany Piaski
26%
39 Wilanów Powsinek
26%
135 Ursynów Teren Wydzielony Rezerwat „Las Kabacki”
26%
68 Bemowo Fort Bema
25%
87 Mokotów Augustówka
23%
125 Ursynów Dąbrówka
23%
70 Bemowo Górce
23%
25 Bielany Marymont-Kaskada
23%
134 Ursynów Stary Imielin
23%
98 Mokotów Wyględów
23%
67 Bemowo Chrzanów
22%
48 Białołęka Henryków
22%
104 Włochy Salomea
22%
40 Wilanów Zawady
22%
43 Białołęka Białołęka Dworska
21%
102 Włochy Paluch
21%
131 Ursynów Pyry
21%
136 Ursynów Ursynów Centrum
21%
38 Wilanów Błonia Wilanowskie
20%
47 Białołęka Grodzisk
20%
32 Bielany Wólka Węglowa
20%
69 Bemowo Fort Radiowo
19%
54 Rembertów Kawęczyn-Wygoda
19%
41 Wilanów Kępa Zawadowska
19%
111 Wawer Marysin Wawerski
19%
142 Ursus Skorosze
19%
107 Wawer Aleksandrów
18%
71 Bemowo Groty
18%
49 Białołęka Kobiałka
18%
143 Ursus Szamoty
18%
123 Wesoła Wola Grzybowska
18%
127 Ursynów Jeziorki Północne
17%
128 Ursynów Jeziorki Południowe
17%
28 Bielany Placówka
17%
44 Białołęka Brzeziny
16%
116 Wawer Sadul
16%
118 Wawer Zerzeń
16%
139 Ursus Czechowice
15%
46 Białołęka Dąbrówka Szlachecka
15%
133 Ursynów Stary Służew
15%
122 Wesoła Wesoła-Centrum
15%
114 Wawer Nadwiśle
14%
51 Białołęka Szamocin
14%
138 Ursynów Wyczółki
14%
120 Wesoła Plac Wojska Polskiego
13%
119 Wesoła Groszówka
12%
101 Włochy Opacz Wielka
12%
126 Ursynów Grabów
11%
132 Ursynów Skarpa Powsińska
11%
106 Włochy Załuski
11%
124 Wesoła Zielona-Grzybowa
10%
Nie znaleziono quizów pasujących do podanych kryteriów
Rozkład punktacji
Procent ludzi z każdym wynikiem
Percentyl według liczby udzielonych odpowiedzi
Twoja historia wyników
Nie rozwiązałeś tego quizu